| 000 | 00516nam a2200181Ia 4500 | ||
|---|---|---|---|
| 001 | 7872 | ||
| 005 | 20260306160527.0 | ||
| 008 | 260306t1995||||xx |||||||||||||| ||spa|| | ||
| 041 | _aESP | ||
| 082 |
_a363.45 _bA34 |
||
| 100 |
_aAlbert de Ferrer, María _eAUT |
||
| 245 | 0 | _aConsumo de drogas en alumnos del primero y cuarto semestre en la facultad de educación de la Universidad de Carabobo | |
| 260 | _c1995 | ||
| 300 |
_a93 páginas : _c20 cm. |
||
| 650 | _aGEN | ||
| 654 | _aCAN | ||
| 942 |
_cLIB _dJUS _fJUS _2ddc _n |
||
| 999 |
_c7872 _d7872 |
||